Po turistickom chodníčku...

Bibliographic Details
Main Author: Štefko, Drahomír (Author)
Format: Article
Language:Slovak
Subjects:

MARC

LEADER 00000nab a2200000 a 4500
001 vtls001030977
003 SK-MaSNL
005 20260303035740.0
008 040720e20020808xo 0 slo
035 |a SL9531 
040 |a SLLK  |b slo  |c SLLK  |e AACR2 
041 0 |a slo 
044 |a xo  |c SK 
080 |a 796.51  |2 1981 
100 1 |a Štefko, Drahomír  |4 aut  |9 1022542 
245 1 0 |a Po turistickom chodníčku... 
650 0 7 |a turistika  |2 SLLK  |9 683 
650 0 7 |a turistické trasy  |2 SLLK  |9 72845 
651 7 |a Stráňany (Stará Ľubovňa, Slovensko)  |2 SLLK  |9 172802 
651 7 |a Vyšné Ružbachy (Slovensko)  |2 SLLK  |9 22374 
651 7 |a SL,  |2 SLLK  |9 1022390 
655 7 |a periodikum  |2 snkbucl  |9 29553 
773 0 8 |t Ľubovnianske noviny  |g Roč. 28, č.32, 8.8.2002, s. 3 
852 |a ZVYKNI  |b KIS3GCP 
999 |c 1678747  |d 1680677